[Event "39th Greek Women's Championship"]
[Site "chess24.com"]
[Date "2017.03.19"]
[Round "9"]
[White "Pavlidou, Ekaterini"]
[Black "Makka, Evanthia"]
[Result "0-1"]
[Board "2"]
[WhiteElo "2166"]
[WhiteTitle "WIM"]
[WhiteCountry "GRE"]
[WhiteFideId "4213262"]
[WhiteEloChange "-13"]
[BlackElo "2073"]
[BlackCountry "GRE"]
[BlackFideId "4207513"]
[BlackEloChange "13"]

1. Nf3 {[%clk 1:30:36]} d5 {[%clk 1:30:40]} 2. g3 {[%clk 1:31:00]} Bg4 {[%clk
1:31:02]} 3. Ne5 {[%clk 1:30:18]} Bf5 {[%clk 1:31:07]} 4. Bg2 {[%clk 1:30:05]} c6
{[%clk 1:30:24]} 5. c4 {[%clk 1:30:13]} Nd7 {[%clk 1:23:32]} 6. Nxd7 {[%clk
1:28:54]} Qxd7 {[%clk 1:23:49]} 7. cxd5 {[%clk 1:27:56]} cxd5 {[%clk 1:24:09]} 8.
d4 {[%clk 1:24:03]} e6 {[%clk 1:20:29]} 9. O-O {[%clk 1:22:58]} Ne7 {[%clk
1:20:23]} 10. Nc3 {[%clk 1:21:50]} Nc6 {[%clk 1:20:31]} 11. Bf4 {[%clk 1:16:42]}
Be7 {[%clk 1:18:25]} 12. f3 {[%clk 1:11:28]} Bg6 {[%clk 1:15:35]} 13. Be3 {[%clk
0:52:29]} O-O {[%clk 1:10:57]} 14. Bf2 {[%clk 0:50:17]} Bf6 {[%clk 1:06:52]} 15.
e3 {[%clk 0:49:40]} Rfd8 {[%clk 1:04:29]} 16. Rc1 {[%clk 0:44:00]} Nb4 {[%clk
0:59:37]} 17. Qb3 {[%clk 0:41:22]} Nd3 {[%clk 0:53:37]} 18. Rcd1 {[%clk 0:40:05]}
Rac8 {[%clk 0:51:08]} 19. Nb1 {[%clk 0:40:01]} Nxf2 {[%clk 0:50:21]} 20. Rxf2
{[%clk 0:40:28]} Rc6 {[%clk 0:48:26]} 21. Nc3 {[%clk 0:35:49]} Rdc8 {[%clk
0:46:19]} 22. Rdd2 {[%clk 0:34:18]} Qc7 {[%clk 0:40:31]} 23. Rf1 {[%clk 0:29:08]}
a6 {[%clk 0:38:49]} 24. a4 {[%clk 0:29:13]} Be7 {[%clk 0:37:19]} 25. Rc1 {[%clk
0:25:09]} h5 {[%clk 0:16:04]} 26. Bf1 {[%clk 0:16:28]} Bd6 {[%clk 0:13:11]} 27.
Kg2 {[%clk 0:14:21]} h4 {[%clk 0:12:12]} 28. Bd3 {[%clk 0:14:06]} Bxd3 {[%clk
0:12:22]} 29. Rxd3 {[%clk 0:14:35]} Bxg3 {[%clk 0:07:07]} 30. f4 {[%clk 0:14:05]}
Bxf4 {[%clk 0:06:42]} 31. exf4 {[%clk 0:14:31]} Qxf4 {[%clk 0:06:58]} 32. Rf1
{[%clk 0:14:34]} Qg4+ {[%clk 0:04:55]} 33. Kh1 {[%clk 0:14:56]} R8c7 {[%clk
0:03:34]} 34. Qd1 {[%clk 0:14:00]} Qxd1 {[%clk 0:03:07]} 35. Rfxd1 {[%clk
0:14:24]} Rb6 {[%clk 0:02:10]} 36. R1d2 {[%clk 0:14:30]} g5 {[%clk 0:02:04]} 37.
Rg2 {[%clk 0:11:44]} f6 {[%clk 0:02:22]} 38. Re3 {[%clk 0:10:54]} Rc4 {[%clk
0:01:42]} 39. a5 {[%clk 0:07:06]} Rd6 {[%clk 0:01:14]} 40. Rd2 {[%clk 0:36:41]}
b6 {[%clk 0:30:47]} 41. axb6 {[%clk 0:33:33]} Rxb6 {[%clk 0:29:07]} 42. Kg2
{[%clk 0:32:46]} Kf7 {[%clk 0:27:46]} 43. h3 {[%clk 0:32:56]} a5 {[%clk 0:24:46]}
44. Nd1 {[%clk 0:28:49]} Rcb4 {[%clk 0:17:48]} 45. Rc3 {[%clk 0:28:34]} Kg6
{[%clk 0:17:12]} 46. Rc5 {[%clk 0:26:00]} a4 {[%clk 0:17:36]} 47. Ra5 {[%clk
0:25:05]} Rc6 {[%clk 0:13:34]} 48. Ne3 {[%clk 0:24:09]} f5 {[%clk 0:09:55]} 49.
Ra8 {[%clk 0:22:48]} Kf7 {[%clk 0:09:10]} 50. Ra7+ {[%clk 0:22:54]} Kf6 {[%clk
0:09:11]} 51. Ra8 {[%clk 0:23:06]} Rcb6 {[%clk 0:09:04]} 52. Nd1 {[%clk 0:21:55]}
Kf7 {[%clk 0:05:24]} 53. Ra7+ {[%clk 0:22:12]} Rb7 {[%clk 0:05:46]} 54. Ra6
{[%clk 0:22:03]} R7b6 {[%clk 0:03:37]} 55. Ra7+ {[%clk 0:22:26]} Kf6 {[%clk
0:03:55]} 56. Ra8 {[%clk 0:22:41]} Rb8 {[%clk 0:01:07]} 57. Ra6 {[%clk 0:22:57]}
Kf7 {[%clk 0:01:02]} 58. Ra7+ {[%clk 0:23:02]} R8b7 {[%clk 0:01:26]} 59. Ra6
{[%clk 0:23:07]} R7b6 {[%clk 0:01:03]} 60. Ra7+ {[%clk 0:23:22]} Kg6 {[%clk
0:01:01]} 61. Ra8 {[%clk 0:23:13]} Kf6 {[%clk 0:00:44]} 62. Rf8+ {[%clk 0:23:25]}
Kg7 {[%clk 0:01:03]} 63. Ra8 {[%clk 0:23:45]} Kf7 {[%clk 0:01:06]} 64. Ra7+
{[%clk 0:24:01]} Rb7 {[%clk 0:01:20]} 65. Ra6 {[%clk 0:24:15]} g4 {[%clk
0:00:51]} 66. hxg4 {[%clk 0:23:17]} fxg4 {[%clk 0:01:17]} 67. Rf2+ {[%clk
0:23:16]} Ke7 {[%clk 0:00:46]} 68. Rf4 {[%clk 0:23:36]} h3+ {[%clk 0:00:44]} 69.
Kh2 {[%clk 0:23:47]} Rxb2+ {[%clk 0:00:58]} 70. Nxb2 {[%clk 0:20:52]} Rxb2+
{[%clk 0:01:24]} 71. Kg3 {[%clk 0:19:16]} Rg2+ {[%clk 0:01:36]} 72. Kh4 {[%clk
0:19:44]} h2 {[%clk 0:02:00]} 73. Kg5 {[%clk 0:20:12]} h1Q {[%clk 0:01:15]} 74.
Kg6 {[%clk 0:20:40]} Qb1+ {[%clk 0:01:09]} 75. Kg7 {[%clk 0:21:07]} Qf5 {[%clk
0:01:13]} 76. Rxf5 {[%clk 0:21:21]} exf5 {[%clk 0:01:34]} 77. Ra7+ {[%clk
0:21:46]} Kd6 {[%clk 0:01:52]} 78. Ra6+ {[%clk 0:22:12]} Kc7 {[%clk 0:01:55]} 79.
Kf6 {[%clk 0:22:01]} Rf2 {[%clk 0:01:56]} 80. Ke5 {[%clk 0:22:05]} g3 {[%clk
0:01:54]} 81. Kxd5 {[%clk 0:22:12]} g2 {[%clk 0:02:13]} 82. Rg6 {[%clk 0:22:38]}
a3 {[%clk 0:02:15]} 83. Rg7+ {[%clk 0:22:37]} Kb6 {[%clk 0:02:30]} 84. Rg6+
{[%clk 0:21:56]} Kb5 {[%clk 0:02:54]} 85. Rg8 {[%clk 0:22:23]} Kb4 {[%clk
0:03:08]} 0-1

[Event "39th Greek Women's Championship"]
[Site "chess24.com"]
[Date "2017.03.19"]
[Round "9"]
[White "Makka, Ioulia"]
[Black "Serefidou, Despina"]
[Result "1/2-1/2"]
[Board "3"]
[WhiteElo "2116"]
[WhiteTitle "WIM"]
[WhiteCountry "GRE"]
[WhiteFideId "4205316"]
[WhiteEloChange "-5"]
[BlackElo "1933"]
[BlackCountry "GRE"]
[BlackFideId "4218787"]
[BlackEloChange "5"]

1. e4 {[%clk 1:30:54]} e5 {[%clk 1:30:56]} 2. Nf3 {[%clk 1:31:17]} Nc6 {[%clk
1:31:22]} 3. Bb5 {[%clk 1:31:36]} a6 {[%clk 1:31:33]} 4. Ba4 {[%clk 1:31:57]} Nf6
{[%clk 1:31:44]} 5. d3 {[%clk 1:32:08]} d6 {[%clk 1:31:52]} 6. c4 {[%clk
1:32:20]} Bg4 {[%clk 1:04:23]} 7. h3 {[%clk 1:25:46]} Bxf3 {[%clk 1:03:34]} 8.
Qxf3 {[%clk 1:26:00]} Nd7 {[%clk 1:02:23]} 9. Bxc6 {[%clk 0:59:50]} bxc6 {[%clk
1:02:46]} 10. Be3 {[%clk 0:59:52]} c5 {[%clk 0:59:24]} 11. Qg3 {[%clk 0:54:12]}
g6 {[%clk 0:56:38]} 12. h4 {[%clk 0:51:18]} h5 {[%clk 0:45:52]} 13. Bg5 {[%clk
0:47:27]} Be7 {[%clk 0:43:19]} 14. Nc3 {[%clk 0:44:12]} Bxg5 {[%clk 0:39:30]} 15.
hxg5 {[%clk 0:43:13]} Nf8 {[%clk 0:32:55]} 16. f4 {[%clk 0:34:59]} exf4 {[%clk
0:28:40]} 17. Qxf4 {[%clk 0:35:19]} Ne6 {[%clk 0:26:19]} 18. Qf6 {[%clk 0:34:06]}
Qxf6 {[%clk 0:19:32]} 19. gxf6 {[%clk 0:34:34]} Nf4 {[%clk 0:18:21]} 20. Nd5
{[%clk 0:23:50]} Nxd5 {[%clk 0:18:41]} 21. cxd5 {[%clk 0:22:26]} Rb8 {[%clk
0:17:55]} 22. O-O-O {[%clk 0:21:00]} Kd7 {[%clk 0:17:05]} 23. Kc2 {[%clk
0:14:45]} c6 {[%clk 0:14:38]} 24. d4 {[%clk 0:11:59]} cxd4 {[%clk 0:04:11]} 25.
Rxd4 {[%clk 0:10:18]} cxd5 {[%clk 0:04:18]} 26. Rxd5 {[%clk 0:07:01]} Rhe8 {[%clk
0:02:43]} 27. Rhd1 {[%clk 0:06:05]} Rb6 {[%clk 0:02:28]} 28. e5 {[%clk 0:06:01]}
Re6 {[%clk 0:02:44]} 29. b4 {[%clk 0:01:56]} Kc7 {[%clk 0:02:28]} 30. exd6+
{[%clk 0:01:18]} Rbxd6 {[%clk 0:02:51]} 31. Rxd6 {[%clk 0:01:14]} Rxd6 {[%clk
0:03:19]} 32. Rf1 {[%clk 0:01:10]} Kc6 {[%clk 0:03:02]} 33. a4 {[%clk 0:00:53]}
Rd4 {[%clk 0:01:26]} 34. Kc3 {[%clk 0:01:19]} Rg4 {[%clk 0:01:22]} 35. Rf2 {[%clk
0:01:47]} Re4 {[%clk 0:01:10]} 36. Kb3 {[%clk 0:01:40]} Kd5 {[%clk 0:00:47]} 37.
a5 {[%clk 0:01:16]} Re3+ {[%clk 0:00:48]} 38. Ka4 {[%clk 0:01:44]} Re4 {[%clk
0:00:42]} 39. Rc2 {[%clk 0:01:09]} Rf4 {[%clk 0:00:45]} 40. Rc5+ {[%clk 0:30:34]}
Kd6 {[%clk 0:30:55]} 41. Rc8 {[%clk 0:29:19]} Rxf6 {[%clk 0:30:32]} 42. g3 {[%clk
0:24:35]} Re6 {[%clk 0:26:05]} 43. Ra8 {[%clk 0:23:43]} Kd5 {[%clk 0:25:34]} 44.
Rd8+ {[%clk 0:18:07]} Kc6 {[%clk 0:11:41]} 45. Rc8+ {[%clk 0:17:44]} Kd5 {[%clk
0:11:00]} 46. Rd8+ {[%clk 0:17:57]} Kc6 {[%clk 0:10:37]} 47. Rc8+ {[%clk
0:18:01]} Kd5 {[%clk 0:10:00]} 1/2-1/2

[Event "39th Greek Women's Championship"]
[Site "chess24.com"]
[Date "2017.03.19"]
[Round "9"]
[White "Lemoni, Maria - Ioanna"]
[Black "Tsolakidou, Stavroula"]
[Result "0-1"]
[Board "4"]
[WhiteElo "1633"]
[WhiteCountry "GRE"]
[WhiteFideId "4236424"]
[WhiteEloChange "-2"]
[BlackElo "2390"]
[BlackTitle "WGM"]
[BlackCountry "GRE"]
[BlackFideId "4264312"]
[BlackEloChange "2"]

1. Nf3 {[%clk 1:30:57]} Nf6 {[%clk 1:30:54]} 2. g3 {[%clk 1:31:23]} d5 {[%clk
1:31:12]} 3. Bg2 {[%clk 1:31:16]} c6 {[%clk 1:31:31]} 4. c4 {[%clk 1:31:28]} Bf5
{[%clk 1:31:44]} 5. d4 {[%clk 1:31:16]} e6 {[%clk 1:28:25]} 6. Nc3 {[%clk
1:28:05]} h6 {[%clk 1:20:07]} 7. Qb3 {[%clk 1:22:18]} Qb6 {[%clk 1:08:32]} 8. c5
{[%clk 1:11:47]} Qc7 {[%clk 1:02:55]} 9. Bf4 {[%clk 1:11:35]} Qc8 {[%clk
1:03:20]} 10. Ne5 {[%clk 1:08:50]} Be7 {[%clk 0:59:53]} 11. e4 {[%clk 0:51:19]}
Bh7 {[%clk 0:45:55]} 12. exd5 {[%clk 0:43:01]} Nxd5 {[%clk 0:40:13]} 13. Nxd5
{[%clk 0:40:43]} cxd5 {[%clk 0:38:49]} 14. Qb5+ {[%clk 0:34:02]} Nc6 {[%clk
0:38:37]} 15. Nxc6 {[%clk 0:34:15]} bxc6 {[%clk 0:32:31]} 16. Qe2 {[%clk
0:32:48]} O-O {[%clk 0:32:05]} 17. O-O {[%clk 0:32:21]} Bd8 {[%clk 0:32:25]} 18.
Rfe1 {[%clk 0:26:18]} Bc7 {[%clk 0:31:56]} 19. Bxc7 {[%clk 0:26:15]} Qxc7 {[%clk
0:32:21]} 20. f4 {[%clk 0:24:58]} Rfb8 {[%clk 0:29:42]} 21. b3 {[%clk 0:18:05]}
a5 {[%clk 0:29:53]} 22. Qd2 {[%clk 0:16:12]} Qb7 {[%clk 0:28:27]} 23. Bf3 {[%clk
0:15:53]} Qb4 {[%clk 0:25:06]} 24. Qe3 {[%clk 0:14:17]} a4 {[%clk 0:24:48]} 25.
Bd1 {[%clk 0:14:42]} axb3 {[%clk 0:25:04]} 26. Bxb3 {[%clk 0:15:06]} Be4 {[%clk
0:25:24]} 27. Rec1 {[%clk 0:12:54]} Qa3 {[%clk 0:21:23]} 28. Rc3 {[%clk 0:11:46]}
Qb2 {[%clk 0:21:40]} 0-1